Minister launches new national forest strategy (Record no. 117202)

MARC details
000 -LEADER
fixed length control field 01102cam a2200241 4500
001 - CONTROL NUMBER
control field WB4014-21
008 - FIXED-LENGTH DATA ELEMENTS--GENERAL INFORMATION
fixed length control field 040414n2004 000 0 eng u
035 ## - SYSTEM CONTROL NUMBER
System control number (Sirsi) u125831
245 ## - TITLE STATEMENT
Title Minister launches new national forest strategy
260 ## - PUBLICATION, DISTRIBUTION, ETC.
Date of publication, distribution, etc. 2004
490 ## - SERIES STATEMENT
Series statement National Forest Company Press Release
Volume/sequential designation 29 March 2004, (1)
520 ## - SUMMARY, ETC.
Summary, etc. A 10-year strategy for the continuing extension of the England's National Forest has just been launched. More than five million trees have already been planted and the National Forest now covers over 500km² of Leicestershire, Derbyshire and Staffordshire. The current strategy will run till 2014 and aims to plant trees on up to 5 000 hectares of land so that wooded cover would increase by between 22% and 25%. For more information visit: http://www.nationalforest.org/stratpro/index.html
590 ## - LOCAL NOTE (RLIN)
Local note WB
590 ## - LOCAL NOTE (RLIN)
Local note WB
650 ## - SUBJECT ADDED ENTRY--TOPICAL TERM
Topical term or geographic name entry element NATIONAL FOREST
650 ## - SUBJECT ADDED ENTRY--TOPICAL TERM
Topical term or geographic name entry element LEICESTERSHIRE
650 ## - SUBJECT ADDED ENTRY--TOPICAL TERM
Topical term or geographic name entry element DERBYSHIRE
650 ## - SUBJECT ADDED ENTRY--TOPICAL TERM
Topical term or geographic name entry element STAFFORDSHIRE
650 ## - SUBJECT ADDED ENTRY--TOPICAL TERM
Topical term or geographic name entry element WOODLAND
650 ## - SUBJECT ADDED ENTRY--TOPICAL TERM
Topical term or geographic name entry element FOREST
690 ## - LOCAL SUBJECT ADDED ENTRY--TOPICAL TERM (OCLC, RLIN)
Topical term or geographic name as entry element RURAL-AGRICULTURE AND FORESTRY
942 ## - ADDED ENTRY ELEMENTS (KOHA)
Suppress in OPAC 0
Holdings
Withdrawn status Lost status Source of classification or shelving scheme Damaged status Not for loan Home library Current library Shelving location Date acquired Total Checkouts Full call number Barcode Date last seen Copy number Price effective from Koha item type
    Dewey Decimal Classification     London London News article 14/04/2004   WB4014-21 125831-1001 06/08/2019 1 06/08/2019 News article